| 000 | 00441cam a22001097a 4500 | ||
|---|---|---|---|
| 008 | 180718b1960 xxu||||| |||| 00| 0 eng d | ||
| 082 | _aP14x54 N213ev/4 | ||
| 245 |
_aEvaluation in social studies _cby Directorate of Extension Programmes for Secondary Education |
||
| 260 |
_aNew Delhi _bNational Council of Educational Research and Training _c1960 |
||
| 300 | _a43p. | ||
| 700 | _aIndia. Directorate of Extension Programmes for Secondary Education | ||
| 999 |
_c494541 _d494541 |
||